Účtovanie výskumu a vývoja

Výskum a vývoj majetku v intenciách postupov účtovania. Vývojom a výskumom vznikajúce účtovné súvzťažnosti. Príklady účtovania výskumu a vývoja.

Uložené v:
Podrobná bibliografia
Hlavný autor: Böszörményi, Jana
Médium: Kapitola
Jazyk:Slovak
Predmet:
Tagy: Pridať tag
Žiadne tagy, Buďte prvý, kto otaguje tento záznam!

MARC

LEADER 00000naa a2200000 4500
001 0279611
005 20250709102601.3
041 0 |a slo 
044 |a SK 
245 1 0 |a Účtovanie výskumu a vývoja  |c Jana Böszörmenyi 
520 |a Výskum a vývoj majetku v intenciách postupov účtovania. Vývojom a výskumom vznikajúce účtovné súvzťažnosti. Príklady účtovania výskumu a vývoja. 
610 2 0 |a účtovníctvo podvojné 
610 2 0 |a postupy účtovné 
610 2 0 |a jednotka účtovná 
610 2 0 |a výskum 
610 2 0 |a vývoj 
610 2 0 |a majetok 
610 2 0 |a odpisy účtovné 
100 1 |a Böszörményi, Jana